Learning Resource and Development

Events management : (Record no. 29680)

MARC details
000 -LEADER
fixed length control field 01682nam a2200289 i 4500
003 - CONTROL NUMBER IDENTIFIER
control field CSPC
005 - DATE AND TIME OF LATEST TRANSACTION
control field 20260106162413.0
008 - FIXED-LENGTH DATA ELEMENTS--GENERAL INFORMATION
fixed length control field 250523s2022 ph a b 000 0 eng d
020 ## - INTERNATIONAL STANDARD BOOK NUMBER
International Standard Book Number 9786214063215
040 ## - CATALOGING SOURCE
Transcribing agency CSPC
Original cataloging agency CSPC
Language of cataloging eng
Description conventions rda
082 04 - DEWEY DECIMAL CLASSIFICATION NUMBER
Classification number 394.2
Item number R618e
100 1# - MAIN ENTRY--PERSONAL NAME
Personal name Rodolfa, Bernardo B.,
Relator term author.
245 10 - TITLE STATEMENT
Title Events management :
Remainder of title introduction to meetings, incentives, conferences, exhibitions (MICE), festivals, & other special events /
Statement of responsibility, etc. Bernardo B. Rodolfa.
246 03 - VARYING FORM OF TITLE
Title proper/short title Events management :
Remainder of title introduction to meetings, incentives, conferences, exhibitions (MICE), festivals, and other special events
250 ## - EDITION STATEMENT
Edition statement Revised edition.
264 #1 - PRODUCTION, PUBLICATION, DISTRIBUTION, MANUFACTURE, AND COPYRIGHT NOTICE
Place of production, publication, distribution, manufacture Intramuros, Manila :
Name of producer, publisher, distributor, manufacturer Mindshapers Co., Inc.,
Date of production, publication, distribution, manufacture, or copyright notice 2022.
300 ## - PHYSICAL DESCRIPTION
Extent xii, 202 pages :
Other physical details illustrations ;
Dimensions 23 cm.
336 ## - CONTENT TYPE
Source rdacontent
Content type term text
337 ## - MEDIA TYPE
Source rdamedia
Media type term unmediated
338 ## - CARRIER TYPE
Source rdacarrier
Carrier type term volume
504 ## - BIBLIOGRAPHY, ETC. NOTE
Bibliography, etc. note Includes bibliographical references.
505 0# - FORMATTED CONTENTS NOTE
Formatted contents note Overview of the MICE industry -- MICE in focus -- Philippine festivals and other celebrations -- Personal and special events -- Overview of event management -- The event industry in general -- Your role as a manager -- Getting started: on gathering information -- The concept of the event -- Screening the event concept -- Filling the gaps of the event concept -- The event proposal -- Finalizing the event concept with the event team -- The event execution and evaluation.
650 #4 - SUBJECT ADDED ENTRY--TOPICAL TERM
Topical term or geographic name entry element Special events
General subdivision Planning
650 #4 - SUBJECT ADDED ENTRY--TOPICAL TERM
Topical term or geographic name entry element Special events
General subdivision Management.
942 ## - ADDED ENTRY ELEMENTS (KOHA)
Source of classification or shelving scheme Dewey Decimal Classification
Suppress in OPAC No
Koha item type Books
Item part R618e
Call number prefix FIL
Call number suffix 2022
Classification part 394.2
Holdings
Withdrawn status Lost status Source of classification or shelving scheme Damaged status Not for loan Home library Current library Shelving location Date acquired Total Checkouts Full call number Barcode Date last seen Copy number Price effective from Koha item type Source of acquisition
    Dewey Decimal Classification     CAMPUS CSPC CAMPUS CSPC Filipiniana Section 12/04/2025   FIL 394.2 R618e 2022 001755-BUH 01/05/2026 1-1 01/05/2026 Books GAA
    Dewey Decimal Classification     CAMPUS CSPC CAMPUS CSPC Filipiniana Section 01/06/2026   FIL 394.2 R618e 2022 001756-BUH 01/06/2026 2-2 01/06/2026 Books GAA
    Dewey Decimal Classification     Main Library Main Library Filipiniana Section 05/23/2025   FIL 394.2 R618e 2022 029655 05/23/2025 1-1 05/23/2025 Books